Geography of Middle-Earth (Tolkien) - with a map - Statistics

General Stats
  • This quiz has been taken 1,411 times
  • The average score is 23 of 43
Answers on the Map
Answers color-coded by a green-red scale on the quiz's map according to % correct below.
 
Answer Stats
# Antwort Ort % Correct
I Isen Dunland
88%
D|O Mount {Doom} | {Orodruin} Mordor
86%
E|T {Erebor} | {The} {Lonely} Mountain North
85%
M {Misty} Mountains Moria
85%
B Bree Eriador
84%
H Hornburg | Helm's Deep Rohan
84%
M Minas Tirith | Minas Anor Southwest
84%
M|G Mirkwood | Greenwood Rhovanion
84%
F|E Fangorn | Entwood Northern Rohan
83%
I Isengard Rohan
81%
R|I Rivendell | Imladris Eriador
80%
L Lothlórien Northern Rohan
79%
E Edoras Rohan
72%
A Anduin North-South
66%
I {Iron} Hills North
64%
B|L {Blue} Mountains | Ered {Luin} West
63%
R {Rhûn}aer | Gaer {Rhûn}en | Sea of {Rhûn} East
60%
G|E {Grey} Mountains | {Ered} {Mithrin} North
56%
O {Old} Forest Eriador
55%
B|W {Belegaer} | {Western} Sea West
49%
U Bay of {Umbar} | Nen {Umbar} South
48%
U Realm of {Umbar} South
48%
B Brandywine Eriador
47%
W|E {White} Mountains | {Ered} {Nimrais} Southwest
47%
N {Núrn}en Sea Mordor
41%
S|E Mountains of {Shadow} | {Ephel} {Dúath} Mordor
39%
C|R Caradhras | Redhorn Moria
38%
G Mount Gundabad North
38%
B Bay of {Belfalas} Southwest
37%
A|L {Ash}en Mountains | Ered {Lithui} Mordor
36%
K Khand East
35%
A Mountains {Angmar} | Ephel {Angmar} North
34%
W {Weather} Hills Eriador
34%
L|A {Long} Lake | {Annen} North
30%
U Udûn Mordor
30%
E Emyn Muil Southern Rhovanion
29%
L Gulf of {Lune} Eriador
29%
I {Ice}bay Northwest
23%
B|T Barrow-downs | Tyrn Gorthad Eriador
22%
F Cape of {Forochel} Northwest
22%
C Cair Andros Ithilien
20%
T|E|N Lake {Twilight} | Lake {Evendim} | {Nenuial} Eriador
19%
T Tolfalas Southwest
17%
No matching quizzes found
Score Distribution
Percent of People with Each Score
Percentile by Number Answered
Your Score History
You have not taken this quiz